[Event "10th LCC FIDE Open 2018"]
[Site "London"]
[Date "2018.12.14"]
[Round "6"]
[White "Burrows, Martin P"]
[Black "Barrish, Daniel"]
[Result "1-0"]
[WhiteElo "2134"]
[BlackElo "2252"]
[Annotator "TA"]
[PlyCount "153"]
[EventDate "2018.12.09"]
[EventType "swiss"]
[EventCountry "ENG"]
[SourceTitle "playchess.com"]
[Source "ChessBase"]
[SourceQuality "1"]

{[%evp 17,153,0,2,0,39,35,33,27,26,21,29,34,151,83,91,67,175,-42,172,190,189,183,189,189,193,182,195,178,196,87,105,0,0,-21,-23,-18,-22,-20,-22,-26,-22,-28,-29,-45,-39,-58,-61,-73,-63,-98,-71,-73,0,-53,-35,-52,-32,-51,-1,-6,-4,-2,0,0,0,0,0,0,0,0,0,0,0,0,0,0,0,0,0,-222,-206,-214,103,68,68,67,65,0,51,0,0,0,0,0,0,0,0,0,0,-8,-237,-503,-339,-327,165,165,348,343,842,827,826,795,741,752,720,672,29974,29973,29967,29968,29980,29981,29981,29982,29982,29983,29985,29986,29986,29986,29986,29986,29987,29988,29988,29989,29989,29990]} 1. c4 e5 2. Nc3 Bb4 3. Nd5 Be7 4. d4 d6 5. e4 Nf6 6. Nxe7 {A21: English Opening: 1...e5 2 Nc3} Qxe7 7. f3 exd4 8. Qxd4 Nc6 9. Qc3 O-O {LiveBook: 18 Games} 10. Bg5 (10. Be3 Nd7 11. O-O-O Nde5 12. Ne2 f5 13. exf5 Bxf5 {1-0 (37) Pantsulaia,L (2586)-Gretarsson,H (2567) Heraklio 2017}) 10... Ne5 11. Ne2 Re8 12. Ng3 h6 13. Be3 $146 ({Predecessor:} 13. Bxf6 Qxf6 {1-0 (40) Williams,S (2369)-Buckley,M (2118) Scarborough 2001}) 13... c6 14. O-O-O Be6 ({Better is} 14... d5 $14) 15. Kb1 (15. c5 $142 Bxa2 16. Rxd6) 15... a6 16. Be2 Qc7 (16... b5 $14) 17. Nf5 $2 (17. f4 $18) 17... Rad8 $2 (17... Bxf5 $1 $15 18. exf5 Qd7) 18. g4 $1 $18 Bxf5 19. gxf5 Qe7 20. Rhg1 Kh7 21. Rg3 d5 22. Rdg1 Rg8 23. Bd4 (23. cxd5 $18 {is the precise move to win. Bc5 is the strong threat.} cxd5 24. Bc5) 23... Rde8 $16 24. Bd3 (24. Rh3 $16) 24... dxe4 $11 25. fxe4 c5 26. Bxe5 $1 Qxe5 27. Qxe5 Rxe5 28. Re1 g5 29. fxg6+ $1 fxg6 30. Rf3 Kg7 31. Ref1 Rf8 $1 (31... Nxe4 $6 32. Rf7+ Kh8 33. Kc2 $14) 32. Kc2 Nd7 33. Kd2 Rxf3 (33... Rh5 {is interesting.} 34. Rxf8 Nxf8 35. h3 Rxh3 36. e5 Rh2+) 34. Rxf3 $17 {[%mdl 4096] Endgame KRB-KRN} Nf8 (34... Rh5 $17 35. h3 Rh4) 35. Ke3 (35. Bf1 $11) 35... Ne6 36. Rf2 b6 37. Bf1 a5 38. Bh3 Nd4 (38... Ng5 $5 39. Bg2 $8 Ne6 $11) 39. Bc8 g5 40. Bb7 h5 41. Bd5 {next Rf7+ is good for White.} Re7 42. Rg2 Kg6 43. Rf2 Kg7 44. Rg2 Kg6 45. Rf2 g4 46. Rf8 Kg5 47. Rb8 Kh4 48. Rxb6 $2 (48. Kf4 $11 {and White has nothing to worry.}) 48... Kh3 $19 49. Kf4 {[#]} Nf3 $2 (49... Kxh2 50. Rh6 $16) (49... Rh7 $1 $19 50. Kg5 Kxh2) 50. Rh6 $16 h4 51. Be6 $1 {[%cal Re6g4]} Nxh2 52. Rg6 (52. e5 $14) 52... Re8 (52... Rxe6 $1 $11 53. Rxe6 g3) 53. e5 (53. Bf5 $1 $14) 53... Rf8+ $11 54. Bf5 Nf1 $1 {[%cal Rf1g3]} 55. Rf6 $1 (55. Rxg4 {[#]} Rxf5+ $1 {[%mdl 512]} 56. Kxf5 Ne3+ 57. Kf4 (57. Kg5 $2 Nxg4 58. e6 Ne5 $19) 57... Nxg4 $19) 55... Rg8 56. e6 {Threatens to win with e7.} Ng3 57. Bg6 $1 Ne2+ 58. Ke3 {Strongly threatening e7.} g3 $1 {[%cal Rg3g2] And now ...g2 would win.} 59. Be4 $2 (59. Bf5+ Kh2 60. Rh6) 59... g2 60. Bxg2+ Kxg2 $4 {[%mdl 8192]} (60... Rxg2 $19 {avoids the disaster.} 61. Rf3+ (61. e7 $2 Ng3 $19) 61... Ng3) 61. Kxe2 $19 {Black must now prevent e7. KR-KR} Re8 $2 (61... Kg3 62. Rf3+ Kg4) 62. Rg6+ $18 Kh2 $2 (62... Kh1 63. b3 h3) 63. Ke3 h3 64. Ke4 Kh1 65. Ke5 h2 66. Kd6 a4 67. Kd7 {White mates.} a3 68. b4 cxb4 69. e7 ({Less strong is} 69. Kxe8 b3 $18) 69... b3 70. axb3 Ra8 71. e8=Q {[%cal Re8a8]} Ra7+ 72. Kd6 {[%cal Re8e4]} Ra6+ 73. Ke5 Rxg6 74. Qxg6 a2 75. Qa6 Kg1 76. Qxa2 h1=Q 77. Qa1+ {Accuracy: White = 60%, Black = 45%.} 1-0

[Event "10th LCC FIDE Open 2018"]
[Site "London"]
[Date "2018.12.14"]
[Round "6"]
[White "Lindholm, Jere"]
[Black "Eggleston, David J"]
[Result "0-1"]
[WhiteElo "2130"]
[BlackElo "2397"]
[Annotator "TA"]
[PlyCount "82"]
[EventDate "2018.12.09"]
[EventType "swiss"]
[EventCountry "ENG"]
[SourceTitle "playchess.com"]
[Source "ChessBase"]
[SourceQuality "1"]

{[%evp 34,82,0,0,41,28,31,0,7,-50,-43,-160,-164,-158,-169,-152,-146,-164,-158,-154,-128,-375,-212,-421,-243,-233,-229,-227,-216,-267,-266,-254,-263,-229,-213,-325,-279,-445,-431,-678,-677,-684,-656,-722,-733,-814,-586,-654,-634,-1222,-1188]} 1. e4 c5 2. Nf3 d6 3. d4 Nf6 4. Nc3 cxd4 5. Nxd4 a6 6. Bg5 e6 7. f4 Be7 8. Qf3 Qc7 9. O-O-O Nbd7 10. g4 b5 {[%cal Bb7b5,Bb5b4][%mdl 32]} 11. Bxf6 Nxf6 12. g5 Nd7 13. f5 O-O {B99: Sicilian Najdorf: 6 Bg5 e6 7 f4 Be7 8 Qf3 Qc7 9 0-0-0 Nbd7} 14. Rg1 (14. h4 b4 15. Nce2 Bb7 16. Kb1 Rac8 17. Bh3 e5 18. f6 exd4 19. fxe7 Rfe8 20. Nxd4 Rxe7 21. Nf5 Rxe4 22. Nxd6 Rd4 23. Qxf7+ Kh8 24. Nxc8 {1-0 (24) Sutovsky,E (2683)-Huschenbeth,N (2596) Douglas 2017}) 14... b4 15. Nce2 e5 16. f6 exd4 17. fxe7 Re8 18. Nxd4 {LiveBook: 6 Games} Ne5 19. Qf4 Be6 20. Nf5 d5 ({Much weaker is} 20... Bxf5 $6 21. exf5 Qc5 22. Rg2 $16) 21. Qg3 $146 ({Better is} 21. Kb1 $11 dxe4 22. Qxe4) ({Predecessor:} 21. Kb1 dxe4 22. Qxe4 Bxf5 23. Qxf5 a5 24. h4 Rxe7 25. h5 g6 26. Qe4 Rd8 27. Be2 gxh5 {½-½ (27) Mishin,A (2318)-Evgrafov,B (2319) ICCF email 2012}) 21... dxe4 $15 22. Nh6+ (22. Bh3 $1 $15 Rac8 23. Rg2) 22... Kh8 $17 23. Bh3 {aiming for Bxe6.} Rxe7 $40 {[%mdl 128] Black is out for blood.} 24. Bxe6 Rxe6 {[%cal Be7e6,Be6c6,Bc6c5][%mdl 32]} ({Resist} 24... fxe6 25. Ng4 $17) 25. Ng4 Rc8 {[%csl Gc8][%cal Rc7c2]} 26. Rg2 Rc6 {[%cal Rc6c2]} 27. Rdd2 $2 {[#]} (27. Ne3 $17) 27... Nf3 (27... b3 $142 $1 {[%mdl 512]} 28. axb3 Qa5) 28. Rde2 $2 (28. Qxc7 {is the only way for White.} R6xc7 29. Rd5) 28... Nd4 (28... Qa5 $142 29. Kb1 Qxg5) 29. Rd2 $19 {Strongly threatening Qxc7.} Qxg3 30. hxg3 Nf3 31. Rd5 {[#]} Rc5 $1 {[%cal Rc5d5]} 32. Ne3 Nxg5 33. Rgd2 {Threatening mate with Rd8+.} g6 34. g4 (34. Rxc5 $142 Rxc5 35. Rd5) 34... Kg7 35. a3 (35. R2d4 $142) 35... bxa3 {Black is clearly winning.} 36. b4 (36. bxa3 $142 Nf3 37. Rxc5 Rxc5 38. Rd7) 36... Rc3 37. Nd1 Rb3 {( -> ...a2)} 38. c3 Nf3 39. Rc2 Ne1 40. Re2 Nd3+ 41. Kd2 Nf4 {Accuracy: White = 28%, Black = 79%.} 0-1

[Event "10th LCC FIDE Open 2018"]
[Site "London"]
[Date "2018.12.14"]
[Round "6"]
[White "Bhawoodien, Mohamed Ozayr"]
[Black "Kueppers, Timo"]
[Result "1/2-1/2"]
[WhiteElo "2123"]
[BlackElo "2320"]
[Annotator "TA"]
[PlyCount "81"]
[EventDate "2018.12.09"]
[EventType "swiss"]
[EventCountry "ENG"]
[SourceTitle "playchess.com"]
[Source "ChessBase"]
[SourceQuality "1"]

{[%evp 32,81,-35,-34,-22,-28,0,0,15,23,1401,-99,-97,-1234,29,25,33,14,14,2,41,10,2,14,0,-21,-34,-11,0,6,3,25,92,92,109,93,74,0,0,0,0,0,14,17,18,18,18,20,25,0,0,0]} 1. c4 c5 2. Nc3 Nc6 3. g3 g6 4. Bg2 Bg7 5. Nf3 {[%cal Bg1f3,Bf3e1,Be1c2,Bc2e3,Be3c4][%mdl 32]} e5 6. O-O Nge7 7. a3 O-O 8. Rb1 a5 9. d3 d6 10. Ne1 Be6 11. Nc2 d5 12. cxd5 Nxd5 13. Ne3 Nde7 14. Nc4 Rb8 {A37: Symmetrical English vs ...g6: 4 Bg2 Bg7 5 Nf3} 15. Bg5 f6 16. Be3 b6 17. f4 {LiveBook: 4 Games} f5 18. fxe5 Nxe5 19. Bf4 Nxc4 20. dxc4 {[%cal Bd3c4,Bc4d5,Bd5d6,Bd6d7][%mdl 32] [#]} Qd5 $146 {[%mdl 8192]} (20... Bxc4 $11 21. Bxb8 Qxb8) ({Predecessor:} 20... Bxc4 21. Bxb8 Qxb8 22. Qa4 {1-0 (59) McShane,L (2713)-Jones,G (2644) London 2012}) 21. Qd2 $2 (21. cxd5 $18 Rbd8 22. Bg5) 21... Qxd2 $17 ({Much worse is} 21... Qxc4 $6 22. Bxb8 Rxb8 23. Rbd1 $14) 22. Rfe1 $2 {[%mdl 8192]} (22. Bxd2 $17 Bxc4 23. Bf4) 22... Qd1 $2 ({Black should play} 22... Qd4+ $19 23. Kh1 Qxc4 24. Bxb8 Rxb8) 23. Rexd1 $11 Rbd8 24. Nd5 $36 {[%mdl 2048] White is pushing.} Nxd5 25. cxd5 Bf7 26. e3 Rd7 $1 27. d6 Rc8 28. b3 Bf6 {...g5 is the strong threat.} 29. h4 Be6 30. Bf1 Kg7 31. Bb5 Ra7 {[#]} (31... h6 $1 $11) 32. d7 $1 $16 {[%cal Rd7c8]} Rd8 33. Rd6 Bxd7 {[#]} 34. Rxf6 (34. Bg5 $1 $16 {[%cal Rg5f6]} Bxg5 35. hxg5) 34... Bxb5 $11 35. Rxb6 Bd3 36. Rc1 Rd5 37. Rd6 Rxd6 38. Bxd6 Rb7 39. Rxc5 Rxb3 40. Be5+ Kh6 41. Rxa5 {Accuracy: White = 49%, Black = 55%.} 1/2-1/2

[Event "10th LCC FIDE Open 2018"]
[Site "London"]
[Date "2018.12.14"]
[Round "6"]
[White "Sperling, Lennart"]
[Black "Bates, Richard A"]
[Result "1/2-1/2"]
[WhiteElo "2116"]
[BlackElo "2372"]
[Annotator "TA"]
[PlyCount "81"]
[EventDate "2018.12.09"]
[EventType "swiss"]
[EventCountry "ENG"]
[SourceTitle "playchess.com"]
[Source "ChessBase"]
[SourceQuality "1"]

{[%evp 29,81,11,18,23,29,24,38,-27,-14,-1,50,42,70,70,129,120,193,182,181,170,158,172,228,235,236,250,239,211,241,229,239,233,233,247,218,152,207,170,222,88,197,212,205,184,260,245,309,292,276,0,0,0,6,-17]} 1. d4 Nf6 2. c4 g6 3. g3 Bg7 4. Bg2 O-O 5. Nc3 d6 6. Nf3 Nc6 7. O-O Bg4 8. d5 Na5 9. Nd2 c5 10. Qc2 a6 11. Rb1 {E62: King's Indian: Fianchetto: 6...c6 and Panno Variation (6...Nc6) without ...a6} (11. h3 Bd7 12. b3 b5 13. Bb2 Rb8 14. Rab1 bxc4 15. bxc4 Qc7 16. e4 Rb4 17. a3 Rb6 18. Ne2 Rfb8 19. Bc3 Rxb1 20. Rxb1 Rxb1+ 21. Qxb1 Ne8 22. Qb2 Bxc3 23. Qxc3 {½-½ (65) Hera,I (2559)-Miton,K (2603) Gorzow Wielkopolski 2014}) 11... b5 12. h3 Bf5 13. e4 Bd7 14. b3 Rb8 15. Bb2 e5 $146 {LiveBook: 5 Games} ({Predecessor:} 15... e6 16. dxe6 fxe6 17. Ne2 e5 18. f4 Qe7 19. fxe5 dxe5 {½-½ (35) Zafirovski,M (2247)-Pantelic,S (2300) Banja Vrujci 2017}) 16. Ne2 {[%cal Bc3e2,Be2f4,Bf4d3][%mdl 32]} Ne8 17. f4 f5 18. Kh2 (18. Bc3 $14) 18... bxc4 $11 19. bxc4 Rb4 (19... fxe4 $11 20. Nxe4 (20. Bxe4 Nf6 $11) 20... Rb4) 20. Ba1 $14 exf4 21. Nxf4 Bxa1 (21... Rxb1 $14 22. Qxb1 fxe4) 22. Rxa1 $16 Qf6 {[#]} (22... Ng7 $16) 23. Nd3 $1 $18 Rb8 {[#]} 24. e5 $1 {[%cal Re5f6][%mdl 512]} dxe5 25. Nxc5 Bc8 {[#]} (25... Qd6 $142) 26. Qc3 $1 {[%cal Rc3a5]} Nb7 {[%cal Ba5b7,Bb7c5,Bc5d3][%mdl 32]} 27. Nd3 Ned6 28. Qxe5 ({Don't take} 28. Nxe5 $6 Nc5) 28... Qxe5 29. Nxe5 Nc5 30. Rab1 Rxb1 31. Rxb1 (31. Nxb1 Re8 $11) 31... Re8 32. Nc6 Re2 (32... Kf7 $16) 33. Nb3 Nd3 (33... Nxb3 {keeps fighting.} 34. axb3 Kg7) 34. Nbd4 (34. c5 $18 f4 35. Kg1 (35. cxd6 f3 $16)) 34... Re8 (34... Rxa2 $16 {might work better.} 35. c5 Nxc5) 35. Bf1 Nc5 36. Nb3 Na4 (36... Nde4 $142 37. Nxc5 Nxc5) 37. Rc1 Kf7 38. c5 Ne4 39. Bc4 $2 ({White should try} 39. d6 $18) 39... Naxc5 $11 40. Nxc5 Nxc5 41. Rd1 {Accuracy: White = 56%, Black = 36%.} 1/2-1/2

[Event "10th LCC FIDE Open 2018"]
[Site "London"]
[Date "2018.12.14"]
[Round "6"]
[White "Johnson, Daniel"]
[Black "Dauletova, Gulmira"]
[Result "1-0"]
[WhiteElo "2111"]
[BlackElo "2261"]
[Annotator "TA"]
[PlyCount "117"]
[EventDate "2018.12.09"]
[EventType "swiss"]
[EventCountry "ENG"]
[SourceTitle "playchess.com"]
[Source "ChessBase"]
[SourceQuality "1"]

{[%evp 21,117,11,3,16,26,34,43,0,0,0,0,-15,22,10,18,-15,-5,-12,104,91,187,177,170,180,176,186,167,52,268,228,347,128,343,317,385,394,487,488,569,562,571,572,558,521,640,632,560,381,386,379,562,561,538,368,543,454,605,535,605,615,4770,4368,1308,812,846,840,5285,5285,1683,99,635,507,630,622,804,825,788,755,814,814,635,809,832,817,965,956,1306,1270,29975,29978,29978,29979,29979,29980,29980,29981,29978,29979]} 1. d4 Nf6 2. c4 e6 3. Nc3 Bb4 4. Qc2 O-O 5. Nf3 d5 6. cxd5 exd5 7. Bg5 {E32: Nimzo-Indian: Classical (4 Qc2): 4...0-0} h6 8. Bh4 c5 9. dxc5 Be6 10. e3 Nbd7 11. Be2 Rc8 {LiveBook: 21 Games} 12. a3 Bxc5 13. O-O Be7 {[#]} 14. Rfc1 $146 ({Predecessor:} 14. Rac1 Ne4 15. Bxe7 Qxe7 16. Qd3 Ndc5 17. Qd1 Rfd8 18. Nd4 a6 19. Bf3 Ng5 20. Be2 Nge4 21. Bf3 Ng5 22. Be2 {½-½ (22) Socko,B (2584)-Gelfand,B (2740) Civitanova Marche 2016}) 14... Ne4 15. Bxe7 Qxe7 16. Qd3 Ndc5 17. Qd1 ({Wrong is} 17. Nxd5 $2 Qd7 $19) 17... Qf6 18. Nxd5 Bxd5 19. Qxd5 Rcd8 (19... Qxb2 $11 20. Qa2 Qxa2 21. Rxa2 Nb3) 20. Qc4 b5 {[#]} (20... Qxb2 $16 21. Nd4 Rfe8) 21. Qc2 $1 $18 ({But not} 21. Qxb5 $6 Rb8 $14) 21... Qe6 22. Nd4 ({Resist} 22. Bxb5 $6 Nb3 $16) 22... Rxd4 23. exd4 Nb3 24. Rd1 ({White should play} 24. Bxb5 $18 {d5 is the strong threat.} Nxa1 25. Rxa1) 24... Qd5 $2 (24... Nxa1 $14 25. Rxa1 Rc8) 25. Bf3 f5 (25... Nxa1 {is a better defense.} 26. Qxe4 Qxe4 27. Bxe4 Nb3) 26. Qd3 $2 (26. Rab1 $18) 26... Rd8 $2 (26... Nxa1 $16 {was called for.} 27. Rxa1 Rd8) 27. Rab1 Kh7 28. Re1 Re8 29. Rbd1 a5 30. h4 a4 31. h5 Na5 32. Re2 Nc4 33. Rde1 Ncd6 34. g3 Rc8 35. Rc2 Rxc2 (35... Rd8 {was necessary.} 36. Rc7 Qe6) 36. Qxc2 Qxd4 37. Kg2 Qf6 (37... Qe5 $142 38. Qe2 Qd5) 38. Re2 Ng5 39. Qc6 Nxf3 40. Qxf3 {[%mdl 4096] Endgame KQR-KQN} Nc4 41. Qd5 {Threatening mate with Re8.} Qf8 42. Qc6 {Black must now prevent Qg6+.} Nd6 43. Re6 Ne4 44. Re8 {White threatens Qg6+ and mate.} Qf7 45. Qg6+ (45. Qc8 $142 g6 46. Rf8) 45... Qxg6 46. hxg6+ Kxg6 $16 {KR-KN} 47. Re5 b4 48. axb4 Kf6 49. Ra5 Ke6 50. Rxa4 Nd6 51. Ra7 g6 52. Rc7 Kd5 53. Rh7 g5 54. Rxh6 g4 {[#]} 55. Rxd6+ $1 {White mates.} Kxd6 56. f4 Kc6 57. Kf2 Kb5 58. Ke3 Kc4 {[#]} 59. b5 $1 {Accuracy: White = 65%, Black = 34%.} 1-0

[Event "10th LCC FIDE Open 2018"]
[Site "London"]
[Date "2018.12.14"]
[Round "6"]
[White "Head, Louise"]
[Black "Bukojemski, Adam"]
[Result "1-0"]
[WhiteElo "2079"]
[BlackElo "2218"]
[Annotator "TA"]
[PlyCount "183"]
[EventDate "2018.12.09"]
[EventType "swiss"]
[EventCountry "ENG"]
[SourceTitle "playchess.com"]
[Source "ChessBase"]
[SourceQuality "1"]

{[%evp 21,183,69,70,10,18,-13,-5,-17,-9,-8,-7,-6,-6,-6,-6,-21,-10,-8,0,0,0,0,154,155,232,236,256,256,247,239,249,249,245,260,252,270,255,54,49,0,69,79,209,175,177,0,0,0,410,368,362,250,304,148,120,120,120,120,120,120,120,120,120,120,189,148,225,217,200,156,151,129,185,179,173,177,170,0,162,158,143,42,135,135,135,135,135,135,173,135,173,173,173,173,173,173,484,484,484,237,237,237,484,389,452,435,5816,5816,5802,5802,4490,672,650,583,845,4586,5831,5831,5831,5831,5831,5831,5831,5831,5831,5824,5824,5816,5816,5816,5816,5816,5816,5816,5802,654,749,418,380,357,336,335,583,254,5809,5330,5824,765,5824,5816,5802,555,541,514,5824,5816,5543,2455,2455,0,29988,29989,29990,29991]} 1. d4 Nf6 2. c4 g6 3. Nc3 d5 4. cxd5 Nxd5 5. Bd2 Bg7 6. e4 Nb6 7. Be3 O-O 8. h3 e5 {D85: Exchange Grünfeld: Unusual White 7th moves and lines with 7 Nf3} 9. Nf3 Nc6 (9... exd4 10. Bxd4 Nc6 11. Bxg7 Qxd1+ 12. Rxd1 Kxg7 13. Bb5 Nb4 14. a3 a6 15. Be2 Nc6 16. O-O {0-1 (62) Le,Q (2737)-Artemiev,V (2691) Huaian 2017}) 10. d5 Ne7 11. Bc5 Bd7 {LiveBook: 3 Games} 12. d6 $146 ({White should try} 12. Be2 $14) ({Predecessor:} 12. Qb3 Re8 13. a4 a5 14. Bb5 Nec8 15. O-O Bf8 16. Bxd7 Qxd7 17. Bxf8 Kxf8 {1-0 (62) Abdulla,A (2484)-Stojanovic,D (2492) Turin 2006}) 12... cxd6 $11 13. Bxd6 (13. Qxd6 {feels hotter.} Nc6 14. Bb5 Be6 15. Bxc6 bxc6 16. Rd1) 13... Re8 14. Bxe5 Bxe5 15. Nxe5 Ned5 $1 {[%cal Rd5c3]} 16. Nxd5 Rxe5 17. Qd4 $36 {[%mdl 2048] White is more active.} Nxd5 18. Qxe5 Qa5+ 19. Ke2 Re8 20. Qd4 {[%mdl 64] Strongly threatening f3. Pin} Nf4+ $1 21. Kf3 Qc7 $2 (21... Ne6 $11 22. Qxd7 {[%mdl 64] Double Attack} Ng5+ {[%mdl 64] Discovered Attack} 23. Kg4 Qe5) 22. Bc4 $1 $16 Bc6 (22... g5 $16) 23. Rhe1 $18 (23. Bd5 $2 Bxd5 24. Rhe1 (24. exd5 $2 Ne2 $19) 24... Rxe4 $1 $19 {[%mdl 512]}) 23... b5 24. Bb3 Rd8 {[#]} 25. Qf6 $1 {[%cal Rf6f4]} Nh5 26. Qg5 Rd6 27. g3 h6 28. Qe3 (28. Qxh6 Rf6+ 29. Kg2 Rxf2+ 30. Kxf2 Qxg3+ 31. Kf1 Qf3+ 32. Kg1 Qg3+ 33. Kh1 Qxh3+ 34. Kg1 Qg3+ 35. Kh1 Qh3+ 36. Kg1 Qg3+ 37. Kh1 Qf3+ 38. Kg1 Qg3+ $11) 28... Nf6 29. Kg2 $2 (29. Qxh6 Nxe4 30. Rxe4 (30. Kg2 $2 g5 $19) 30... Rf6+ 31. Ke2 Bxe4 $11) (29. Rad1 $18) 29... Nxe4 $14 30. Kh2 (30. Qxh6 $2 g5 $19) 30... Ng5 (30... Qd7 $1 $11 31. Red1 (31. Qxh6 Nd2 $11) 31... Nd2) 31. Bd1 $1 Qd7 (31... Re6 $16 32. Qc3 Rxe1 33. Qxe1 Qd7) 32. Bg4 $18 f5 33. h4 $2 (33. Be2 $18) 33... fxg4 $11 34. hxg5 Rd2 $2 {[%mdl 8192]} (34... hxg5 $11 35. Qe7 (35. Qxg5 $2 Qf7 $19) 35... Qf5) 35. Kg1 hxg5 36. Qe6+ Qf7 37. Qxf7+ (37. Rac1 $18 {has better winning chances.} Qxe6 38. Rxe6) 37... Kxf7 $18 {[%mdl 4096] Endgame KRR-KRB} 38. Rac1 Bf3 39. Rc7+ Kf6 40. Rxa7 Rxb2 41. Ra6+ Kf7 42. Rc1 Bd5 (42... b4 $16 {was necessary.} 43. Rb6 Kf8) 43. Rb6 {Intending Rc7+ and mate.} Ke7 (43... Kg7 $16 44. a4 b4) 44. a4 b4 45. Rb5 Bf3 46. a5 Ra2 (46... b3 $16 47. Rxg5 Kf6) 47. Rb1 Bc6 48. Rb6 (48. R1xb4 $6 Bxb5 49. Rxb5 Kf6 $16) 48... Bd5 49. Rb5 Bc6 $1 {[%cal Rc6b5]} 50. Rxg5 b3 51. Rc5 (51. Rxg6 $6 b2 $14) (51. Rxg4 $16 Rxa5 52. Rb4 (52. Rxg6 Bf3 $16)) 51... b2 (51... Kd6 $14 52. Rc4 Bf3) 52. Rc2 $16 ({Don't play} 52. Rxc6 $6 Ra1 $11) 52... Rxa5 {aiming for ...Bf3.} 53. Rcxb2 ({Don't blunder} 53. Rxc6 $2 Ra1 $19) 53... Bf3 {...Rh5 is the strong threat.} 54. Kf1 Kf7 55. Rb6 Rh5 {[%cal Rh5h1]} 56. Ke1 Re5+ {[#]} 57. Kd2 $1 Rd5+ 58. Kc3 Kg7 $2 (58... Rc5+ {is tougher.} 59. Kb2 Rd5) 59. Re1 $18 Rc5+ 60. Kd4 (60. Kb4 $142 Rc2 61. Ree6) 60... Rd5+ 61. Kc4 Rd2 $2 (61... Rd7 62. Re5 Rd2) 62. Kc3 Rxf2 63. Ree6 Bd1 (63... Bg2 $142 64. Rxg6+ Kf7 65. Rxg4 Re2 66. Rf4+ Kg7) 64. Rxg6+ Kf7 65. Rgd6 Rc2+ 66. Kd3 (66. Kd4 $142 Rc7 67. Ke5) 66... Rc7 67. Ke3 Bf3 68. Kf4 Kg8 69. Kf5 Rf7+ 70. Ke6 Kg7 71. Ke5 Kg8 72. Rg6+ Rg7 73. Rb8+ Kh7 74. Rf6 Rc7 75. Rff8 Rc5+ 76. Kf6 {[%csl Gb8][%cal Rf8h8]} Rc6+ 77. Kg5 {[%cal Rf8f7]} Rc5+ 78. Kh4 (78. Rf5 $142 Rc7 79. Rb6) 78... Kg7 79. Rfd8 Kf6 80. Rb6+ Ke5 81. Rb1 Kf6 $2 (81... Kf5 {might work better.} 82. Re1 Kg6 83. Rg8+ Kf6 84. Rf8+ Kg7) 82. Rd6+ (82. Rf8+ $142 Ke6 83. Re1+ Kd7 84. Rf6) 82... Kg7 $2 (82... Ke5) 83. Re1 Rc7 84. Re8 (84. Re5 $142 Kf8 85. Rh6) 84... Ra7 85. Re5 Kg8 86. Rc5 (86. Rg6+ $142 Kf8 87. Kg5) 86... Re7 87. Rg5+ Rg7 (87... Kf7 $142 88. Rf5+ Ke8) 88. Rd8+ Kh7 89. Rh5+ Kg6 90. Rg5+ $2 ({White has to play} 90. Rd6+ $18 Kf7 91. Rd7+ Kg8 92. Rxg7+ Kxg7 93. Rf5) 90... Kf7 $2 {[%mdl 8192]} (90... Kh7 $11 91. Rh5+ Kg6 92. Rd6+ Kf7 93. Rd7+ Kg8) 91. Rd7+ Kf6 92. Rgxg7 {Accuracy: White = 53%, Black = 39%.} 1-0

[Event "10th LCC FIDE Open 2018"]
[Site "London"]
[Date "2018.12.14"]
[Round "6"]
[White "Gerlach, Felix Tobias"]
[Black "Stoyanov, Viktor"]
[Result "0-1"]
[WhiteElo "2050"]
[BlackElo "2205"]
[Annotator "TA"]
[PlyCount "108"]
[EventDate "2018.12.09"]
[EventType "swiss"]
[EventCountry "ENG"]
[SourceTitle "playchess.com"]
[Source "ChessBase"]
[SourceQuality "1"]

{[%evp 21,108,35,41,42,52,58,87,21,31,25,22,29,27,24,25,20,26,17,14,21,37,29,26,7,24,20,31,13,33,9,22,0,0,0,5,0,0,0,0,0,0,0,0,0,0,0,0,-31,-36,-67,-37,-40,-33,-80,-68,-219,-214,-265,-262,-275,-275,-289,-283,-278,-257,-402,-404,-997,-985,-1289,-1289,-1129,-1111,-914,-883,-29967,-29969,-29968,-29969,-29968,-29968,-29968,-29969,-29969,-29968,-29969,-29969,-29969,-5542]} 1. d4 Nf6 2. Bg5 Ne4 3. Bf4 c5 4. f3 Qa5+ 5. c3 Nf6 6. d5 d6 7. e4 g6 8. Nd2 Bg7 9. Nc4 {A45: Trompowsky Attack} Qd8 10. a4 O-O 11. Qd2 Nbd7 {LiveBook: 7 Games} 12. Nh3 Ne5 $146 ({Predecessor:} 12... Nb6 13. Nf2 Bd7 14. a5 Nxc4 15. Bxc4 b5 16. Be2 {1-0 (60) Burghoff,A (2573)-Marczell,P (2577) ICCF email 2007}) 13. Nf2 Nfd7 14. b3 ({White should try} 14. h4 $16) 14... Nxc4 $11 15. Bxc4 Ne5 16. Be2 e6 17. O-O exd5 18. exd5 f5 19. Bg5 Qc7 20. Bh6 Bd7 21. Bxg7 Kxg7 22. f4 Nf7 23. Rfe1 Rae8 24. Bd3 Qb6 25. Bc4 Qd8 26. Rxe8 (26. Reb1 {is more complex.} Qc7 27. a5 Kg8 28. Bd3 Nh6 29. h3) 26... Rxe8 27. Re1 Re7 28. Kf1 Kf8 29. Re3 Nh6 30. Qe1 Rxe3 31. Qxe3 Qh4 32. h3 Ng8 33. g3 Qd8 34. Kg2 Nf6 35. Kf3 Be8 36. g4 Bf7 37. Qd2 {[#]} h6 $1 {[%cal Bh7h6,Bh6h5,Bh5h4][%mdl 32]} 38. Nh1 $2 (38. b4 $15) 38... Ne4 $19 39. Qe1 Qf6 40. gxf5 gxf5 ({Weaker is} 40... Nxc3 41. fxg6 Bxg6 42. Ng3 $17) 41. Ng3 Nxc3 42. Qd2 h5 43. Ke3 (43. h4 $142) 43... h4 44. Nxf5 (44. Ne2 $142 Qe7+ 45. Kd3 Nxd5 46. Bxd5 Bxd5 47. Qb2) 44... Qxf5 {[%mdl 64] [#] Double Attack} 45. Qxc3 Qxh3+ 46. Kd2 Qxc3+ 47. Kxc3 {[%mdl 4096] Endgame KB-KB} Ke7 48. b4 cxb4+ {Black mates.} 49. Kxb4 Kf6 50. Bf1 Kf5 51. Bh3+ Kxf4 52. Be6 Be8 53. Bc8 b6 54. a5 Kg3 {Accuracy: White = 27%, Black = 80%.} (54... bxa5+ $142 55. Kc3 Bh5 56. Bh3 Bg4 57. Bf1 Kg3 58. Kb2 Kf2 59. Bd3 h3 60. Be4 Bf3 61. Bd3 h2 62. Bb5 h1=Q 63. Ba4 Ke3 64. Bb3 Kd2 65. Bc2 Bxd5 66. Bb3 Qc1+ 67. Ka2 Kc3 68. Bxd5 Qb2#) 0-1